00258nam a2200109Ia 4500008004100000100001500041245002500056250000900081260004200090300000800132650000800140191201s2014 xx 000 0 und d aMEHTA, P L 0aManagerial Economics a12th c2014bS Chand and Co. Ltd.aNew Delhi a820 aMBA